00490naa a2200133 a 450000100080000000500110000800800410001910000110006024501210007126000090019252000740020165300130027577300680028810789362011-08-04 1991 bl uuuu u00u1 u #d1 aEpagri aIn situ studies in naturalized grassland in Santa Catarina, Brazilbenvironmental influences upon species abundance. c1991 aEstudos in situ de pastagens naturalizadas em Santa Catarina, Brasil. aPASTAGEM tNewsletter, Aberystwith, Pa??s de Galesgv. 27, p. 14-15, 1991.